The sacred circle of the hula hoop
| Main Author: | |
|---|---|
| Format: | Book |
| Published: |
New York :
Macmillan ,
1989
|
| Subjects: |
MARC
| LEADER | 00000cam a2200000 7i4500 | ||
|---|---|---|---|
| 001 | 0000004693 | ||
| 005 | 20110324.0 | ||
| 020 | |a 0689504616 | ||
| 090 | 0 | 0 | |a JF |b TAP |
| 100 | 1 | |a Tapp, Kathy Kennedy | |
| 245 | 1 | 4 | |a The sacred circle of the hula hoop |c Kathy Kennedy Tapp |
| 260 | |a New York : |b Macmillan , |c 1989 | ||
| 300 | |a 180p. ; |c 21cm. | ||
| 650 | 0 | 0 | |a Children's stories |
| 999 | |a 037450 |b BUKU |c PINJAMAN |e PERPUSTAKAAN KOMUNITI PETALING JAYA | ||